[Event "PRO League Group Stage"]
[Site "chess.com INT"]
[Date "2018.03.07"]
[Round "9"]
[White "Ikeda, Junta"]
[Black "Hevia Alejano, Carlos Antonio"]
[Result "0-1"]
[WhiteTitle "IM"]
[BlackTitle "GM"]
[WhiteElo "2415"]
[BlackElo "2488"]
[WhiteTeam "Australia Kangaroos"]
[BlackTeam "Rio Grande Ospreys"]
[WhiteFideId "3204731"]
[BlackFideId "3508811"]
[EventDate "2018.01.18"]

1. Nf3 Nf6 2. g3 b6 3. Bg2 Bb7 4. O-O g6 5. d3 Bg7 6. e4 d6 7. Nbd2 O-O 8. Ng5
c5 9. f4 Nc6 10. Nh3 b5 11. g4 c4 12. g5 Nd7 13. Nf3 cxd3 14. cxd3 Nc5 15. Nf2
Nd4 16. Rb1 b4 17. Be3 Nce6 18. Nd2 Rc8 19. Nc4 d5 20. Ne5 dxe4 21. dxe4 Bxe5
22. fxe5 Ba6 23. Re1 Nc2 24. Ng4 Qxd1 25. Rbxd1 Nxe1 26. Rxe1 Rc2 27. Nh6+ Kg7
28. a3 b3 29. Bh3 Rxb2 30. Bxe6 fxe6 31. Bc5 Re8 32. Ng4 Rc2 33. Bd4 b2 0-1

[Event "PRO League Group Stage"]
[Site "chess.com INT"]
[Date "2018.03.07"]
[Round "9"]
[White "Ikeda, Junta"]
[Black "Bortnyk, Olexandr"]
[Result "0-1"]
[WhiteTitle "IM"]
[BlackTitle "GM"]
[WhiteElo "2415"]
[BlackElo "2610"]
[WhiteTeam "Australia Kangaroos"]
[BlackTeam "Rio Grande Ospreys"]
[WhiteFideId "3204731"]
[BlackFideId "14120828"]
[EventDate "2018.01.18"]

1. Nf3 Nf6 2. g3 b6 3. Bg2 Bb7 4. O-O g6 5. b3 Bg7 6. Bb2 O-O 7. c4 e6 8. d3 Re8
9. Nbd2 d5 10. Qc2 c5 11. a3 Nc6 12. e3 Qe7 13. Rad1 Rad8 14. Rfe1 e5 15. cxd5
Nxd5 16. Nc4 b5 17. Ncd2 Ndb4 18. axb4 Nxb4 19. Qb1 Nxd3 20. e4 Nxe1 21. Nxe1 a5
22. Nc2 Bh6 23. Nf1 Rxd1 24. Qxd1 Qd8 25. Qe2 c4 26. bxc4 b4 27. Nfe3 Bxe3 28.
Nxe3 a4 29. Qc2 Qa5 30. Bf3 Bc6 31. Nd5 Bxd5 32. exd5 a3 33. Ba1 b3 34. Qxb3
Qe1+ 35. Kg2 Qxa1 36. d6 a2 37. Bd5 Qb1 38. Qf3 Rf8 39. d7 a1=Q 40. Qxf7+ Rxf7
41. d8=Q+ Kg7 42. Bxf7 Qf1+ 43. Kf3 Qad1+ 0-1

[Event "PRO League Group Stage"]
[Site "chess.com INT"]
[Date "2018.03.07"]
[Round "9"]
[White "Le Roux, Jean-Pierre"]
[Black "Skoberne, Jure"]
[Result "1-0"]
[WhiteTitle "GM"]
[BlackTitle "GM"]
[WhiteElo "2554"]
[BlackElo "2553"]
[WhiteTeam "London Lions"]
[BlackTeam "Ljubljana Turtles"]
[WhiteFideId "609404"]
[BlackFideId "14604299"]
[EventDate "2018.01.18"]

1. e4 d6 2. d4 Nf6 3. Nc3 g6 4. Nf3 Bg7 5. Be2 O-O 6. O-O c5 7. d5 e6 8. h3 exd5
9. exd5 Re8 10. Re1 Ne4 11. Nxe4 Rxe4 12. Ng5 Rd4 13. Bd3 c4 14. Qf3 Qf8 15. Bf1
c3 16. bxc3 Ra4 17. Bb5 Bd7 18. Bxa4 Bxa4 19. Ba3 Nd7 20. Qf4 Be5 21. Qxa4 1-0

[Event "PRO League Group Stage"]
[Site "chess.com INT"]
[Date "2018.03.07"]
[Round "9"]
[White "Le Roux, Jean-Pierre"]
[Black "Sebenik, Matej"]
[Result "1/2-1/2"]
[WhiteTitle "GM"]
[BlackTitle "GM"]
[WhiteElo "2554"]
[BlackElo "2551"]
[WhiteTeam "London Lions"]
[BlackTeam "Ljubljana Turtles"]
[WhiteFideId "609404"]
[BlackFideId "14602296"]
[EventDate "2018.01.18"]

1. d4 Nf6 2. Nf3 d5 3. Bf4 e6 4. e3 Bd6 5. Bd3 O-O 6. O-O b6 7. Nbd2 c5 8. c3
Ba6 9. Bxa6 Nxa6 10. Ne5 Qc7 11. Rc1 Nb8 12. c4 Nc6 13. Ndf3 dxc4 14. Rxc4 Nd5
15. Bg3 Nxe5 16. Nxe5 Rad8 17. Qf3 b5 18. Rcc1 c4 19. b3 f6 20. Nd3 Bxg3 21.
hxg3 Nb6 22. Nc5 Rfe8 23. a4 e5 24. Rfe1 Qf7 25. bxc4 bxc4 26. a5 Nc8 27. Rb1
Nd6 28. Rec1 f5 29. dxe5 Rxe5 30. Nb7 Nxb7 31. Rxb7 Qd5 32. Qxd5+ Rexd5 33. Rxc4
R8d7 34. Rxd7 Rxd7 35. g4 fxg4 36. Rxg4 Rd5 37. Ra4 a6 38. g4 h5 39. gxh5 Rxh5
40. Kg2 Kf7 41. f4 Rb5 42. Kf3 g5 43. fxg5 Rxg5 44. Kf4 Rb5 45. e4 Ke6 46. Ra2
Kd6 47. Ra1 Ke6 48. Ra2 Kd6 49. Ra1 Ke6 50. Ra2 Kd6 1/2-1/2

[Event "PRO League Group Stage"]
[Site "chess.com INT"]
[Date "2018.03.07"]
[Round "9"]
[White "Gozzoli, Yannick"]
[Black "Yanchenko, Roman"]
[Result "1/2-1/2"]
[WhiteTitle "GM"]
[BlackTitle "FM"]
[WhiteElo "2565"]
[BlackElo "2436"]
[WhiteTeam "Marseille Migraines"]
[BlackTeam "London Towers"]
[WhiteFideId "616915"]
[BlackFideId "4137329"]
[EventDate "2018.01.18"]

1. d4 Nf6 2. c4 c6 3. Nc3 d5 4. Nf3 g6 5. Bf4 Bg7 6. e3 O-O 7. Rc1 Bg4 8. cxd5
cxd5 9. Be2 Nc6 10. O-O e6 11. h3 Bxf3 12. Bxf3 Qb6 13. Na4 Qd8 14. Nc5 Qe7 15.
Qa4 Rfc8 16. b4 Nd8 17. Rc2 b6 18. Na6 Rxc2 19. Qxc2 Qb7 20. b5 Rc8 21. Qb2 Qd7
22. a4 Nb7 23. Rc1 Na5 24. Rc2 Bf8 25. Qc1 Nb3 26. Qb1 Na5 27. Be5 Ne8 28. e4
dxe4 29. Bxe4 Nd6 30. Bc6 Nxc6 31. bxc6 Qe8 32. Qc1 Nf5 33. g4 Bh6 34. f4 Nh4
35. Kf2 Bg7 36. Kg3 g5 37. Bxg7 Kxg7 38. fxg5 Ng6 39. Nb4 Qd8 40. Nd3 Qxd4 41.
Rc3 e5 42. Nf2 Qxa4 43. Rc4 Qa3+ 44. Rc3 Qd6 45. Ne4 Qd4 46. Nf6 Nf4 47. Nh5+
Nxh5+ 48. gxh5 h6 49. Rf3 Qd6 50. Rf6 Qd3+ 51. Rf3 Qd6 52. gxh6+ Kh8 53. Rxf7
e4+ 54. Kh4 Qd8+ 55. Qg5 Qxg5+ 56. Kxg5 Rxc6 57. Rxa7 Re6 58. Ra8+ Kh7 59. Ra7+
Kh8 60. Ra8+ Kh7 61. Ra7+ Kh8 62. Ra8+ Kh7 63. Ra7+ 1/2-1/2

[Event "PRO League Group Stage"]
[Site "chess.com INT"]
[Date "2018.03.07"]
[Round "9"]
[White "Gozzoli, Yannick"]
[Black "Rendle, Thomas E"]
[Result "0-1"]
[WhiteTitle "GM"]
[BlackTitle "IM"]
[WhiteElo "2565"]
[BlackElo "2362"]
[WhiteTeam "Marseille Migraines"]
[BlackTeam "London Towers"]
[WhiteFideId "616915"]
[BlackFideId "408760"]
[EventDate "2018.01.18"]

1. d4 f5 2. Nf3 Nf6 3. Bg5 e6 4. Nbd2 Be7 5. Bxf6 Bxf6 6. e4 d5 7. exf5 exf5 8.
Bd3 O-O 9. O-O Nc6 10. c3 Qd6 11. Re1 Bd7 12. b4 Rae8 13. Qb3 g6 14. b5 Na5 15.
Qa4 b6 16. Qb4 Kg7 17. g3 Rxe1+ 18. Rxe1 Re8 19. Qxd6 cxd6 20. Rxe8 Bxe8 21. Ne1
Bf7 22. Nc2 Nc4 23. Nxc4 dxc4 24. Be2 d5 25. Bf3 Bg5 26. Na3 Kf6 27. Kf1 Ke6 28.
Ke2 Be8 29. Nc2 Bxb5 30. Nb4 Kd6 31. h4 Bd8 32. Nxd5 Bc6 33. Ne3 Bxf3+ 34. Kxf3
b5 35. Ke2 f4 36. Ng4 Kd5 37. Nh2 a5 38. Nf3 b4 39. Kd2 fxg3 40. fxg3 Bc7 41. g4
Ke4 42. Ng5+ Kf4 43. Nxh7 Kxg4 44. Nf8 Kf5 45. Nd7 b3 46. a4 Kg4 47. Nf8 Kh5 48.
Kc1 Bg3 49. d5 Bxh4 50. d6 g5 51. d7 g4 52. Ne6 g3 0-1

[Event "PRO League Group Stage"]
[Site "chess.com INT"]
[Date "2018.03.07"]
[Round "9"]
[White "Nyzhnyk, Illya"]
[Black "Hansen, Eric"]
[Result "1-0"]
[WhiteTitle "GM"]
[BlackTitle "GM"]
[WhiteElo "2599"]
[BlackElo "2629"]
[WhiteTeam "Webster Windmills"]
[BlackTeam "Montreal Chessbrahs"]
[WhiteFideId "14118084"]
[BlackFideId "2606771"]
[EventDate "2018.01.18"]

1. d4 Nf6 2. c4 g6 3. Bg5 Ne4 4. Bf4 Bg7 5. f3 Nf6 6. e4 c5 7. d5 d6 8. Nc3 O-O
9. Qd2 a6 10. Bd3 e6 11. a4 exd5 12. cxd5 Qe7 13. Nge2 Nbd7 14. O-O Ne5 15. Bc2
Bd7 16. a5 Bb5 17. b3 Nfd7 18. Rfe1 Rfe8 19. Be3 Nf6 20. Ng3 h5 21. Bg5 Qf8 22.
Nf1 Nh7 23. Bf4 Nd7 24. Kh1 h4 25. Ra2 h3 26. Nxb5 hxg2+ 27. Kxg2 axb5 28. Bd3
b4 29. Qf2 Bd4 30. Qg3 Ne5 31. Bb5 Re7 32. Bxe5 Bxe5 33. f4 Bc3 34. Ree2 Nf6 35.
Qf3 Qd8 36. a6 bxa6 37. Rxa6 Rxa6 38. Bxa6 Qa8 39. Bc4 Qa1 40. Ng3 Bd4 41. h4
Ra7 42. Kh3 Ra2 43. e5 Rxe2 44. Qxe2 dxe5 45. d6 e4 46. d7 Nxd7 47. Qxe4 Nf8 48.
f5 Qa7 49. fxg6 Qd7+ 50. Kg2 Kg7 51. Bxf7 Qd6 52. Nf5+ 1-0

[Event "PRO League Group Stage"]
[Site "chess.com INT"]
[Date "2018.03.07"]
[Round "9"]
[White "Nyzhnyk, Illya"]
[Black "Hambleton, Aman"]
[Result "1/2-1/2"]
[WhiteTitle "GM"]
[BlackTitle "IM"]
[WhiteElo "2599"]
[BlackElo "2501"]
[WhiteTeam "Webster Windmills"]
[BlackTeam "Montreal Chessbrahs"]
[WhiteFideId "14118084"]
[BlackFideId "2606577"]
[EventDate "2018.01.18"]

1. d4 Nf6 2. c4 e6 3. Nf3 d5 4. g3 Bb4+ 5. Bd2 Bd6 6. Bg2 O-O 7. Qc2 c6 8. Nc3
Nbd7 9. e4 dxe4 10. Nxe4 Nxe4 11. Qxe4 e5 12. dxe5 Nxe5 13. O-O-O Nxf3 14. Qxf3
Qc7 15. Rhe1 Be6 16. Qc3 Rad8 1/2-1/2

[Event "PRO League Group Stage"]
[Site "chess.com INT"]
[Date "2018.03.07"]
[Round "9"]
[White "Bortnyk, Olexandr"]
[Black "Smirnov, Anton"]
[Result "0-1"]
[WhiteTitle "GM"]
[BlackTitle "GM"]
[WhiteElo "2610"]
[BlackElo "2527"]
[WhiteTeam "Rio Grande Ospreys"]
[BlackTeam "Australia Kangaroos"]
[WhiteFideId "14120828"]
[BlackFideId "3208923"]
[EventDate "2018.01.18"]

1. e4 c6 2. Nc3 d5 3. Nf3 Nf6 4. e5 Ne4 5. d4 Nxc3 6. bxc3 c5 7. h3 Qa5 8. Bd2
c4 9. a4 e6 10. h4 h6 11. h5 Bd7 12. g4 Nc6 13. g5 O-O-O 14. Bh3 Be7 15. Rg1
hxg5 16. Nxg5 Rdf8 17. Qf3 Nd8 18. Qe2 g6 19. hxg6 fxg6 20. Rg3 Rh5 21. Kf1 Bxg5
22. Bxg5 Rxg5 23. Qe3 Rxg3 24. Qxg3 Qb6 25. Re1 Qb2 26. Re2 Qc1+ 27. Kg2 Qf4 28.
Qxg6 Qf3+ 0-1

[Event "PRO League Group Stage"]
[Site "chess.com INT"]
[Date "2018.03.07"]
[Round "9"]
[White "Bortnyk, Olexandr"]
[Black "Kuybokarov, Temur"]
[Result "1/2-1/2"]
[WhiteTitle "GM"]
[BlackTitle "IM"]
[WhiteElo "2610"]
[BlackElo "2472"]
[WhiteTeam "Rio Grande Ospreys"]
[BlackTeam "Australia Kangaroos"]
[WhiteFideId "14120828"]
[BlackFideId "14203049"]
[EventDate "2018.01.18"]

1. d4 Nf6 2. Nc3 d5 3. Bf4 c5 4. e3 cxd4 5. exd4 a6 6. Nf3 Bg4 7. h3 Bxf3 8.
Qxf3 e6 9. O-O-O b5 10. g4 Be7 11. g5 Nfd7 12. h4 b4 13. Ne2 Nc6 14. Kb1 a5 15.
Ng3 a4 16. Nh5 O-O 17. Bd3 b3 18. a3 Nxd4 19. Bxh7+ Kxh7 20. Rxd4 bxc2+ 21. Kxc2
Qb6 22. Rd2 Nc5 23. Nf6+ Bxf6 24. Qh5+ Kg8 25. gxf6 Qb3+ 26. Kb1 Ne4 27. fxg7
Nc3+ 28. Kc1 Na2+ 29. Kb1 Nc3+ 30. Kc1 Na2+ 31. Kb1 Nc3+ 1/2-1/2

[Event "PRO League Group Stage"]
[Site "chess.com INT"]
[Date "2018.03.07"]
[Round "9"]
[White "Yanayt, Eugene"]
[Black "Javakhadze, Zurab"]
[Result "0-1"]
[WhiteTitle "FM"]
[BlackTitle "IM"]
[WhiteElo "2203"]
[BlackElo "2456"]
[WhiteTeam "Las Vegas Desert Rats"]
[BlackTeam "Dallas Destiny"]
[WhiteFideId "2020165"]
[BlackFideId "13603647"]
[EventDate "2018.01.18"]

1. d4 Nf6 2. c4 e6 3. Nf3 Bb4+ 4. Nbd2 b6 5. a3 Bxd2+ 6. Qxd2 Bb7 7. e3 d6 8.
Be2 Nbd7 9. O-O O-O 10. b4 Ne4 11. Qc2 f5 12. Bb2 Rf6 13. Rfd1 Rg6 14. c5 Bd5
15. Bc4 Ndf6 16. Ne1 Bxc4 17. Qxc4 Ng4 18. f3 Nxe3 19. Qe2 Nxd1 20. Rxd1 Ng5 21.
Kh1 Nf7 22. Nd3 Qh4 23. Bc3 bxc5 24. dxc5 e5 25. cxd6 cxd6 26. Nb2 Rc8 27. Be1
Qe7 28. Nc4 Ng5 29. Ne3 Qf7 30. Qa6 Rd8 31. Nc4 d5 32. Qa5 Re8 33. Rxd5 e4 34.
f4 Rc6 35. Rc5 Rxc5 36. Qxc5 Ne6 37. Qd5 Rd8 38. Qa5 Rd1 39. b5 Qc7 40. b6 Qxc4
41. bxa7 Qf1# 0-1

[Event "PRO League Group Stage"]
[Site "chess.com INT"]
[Date "2018.03.07"]
[Round "9"]
[White "Yanayt, Eugene"]
[Black "Harmon-Vellotti, Luke"]
[Result "0-1"]
[WhiteTitle "FM"]
[BlackTitle "IM"]
[WhiteElo "2203"]
[BlackElo "2468"]
[WhiteTeam "Las Vegas Desert Rats"]
[BlackTeam "Dallas Destiny"]
[WhiteFideId "2020165"]
[BlackFideId "2030012"]
[EventDate "2018.01.18"]

1. d4 Nf6 2. c4 e6 3. g3 d5 4. Nf3 Be7 5. Bg2 O-O 6. O-O dxc4 7. a4 c5 8. dxc5
Qxd1 9. Rxd1 Na6 10. c6 bxc6 11. Ne5 Nb4 12. Nxc6 Nxc6 13. Bxc6 Rb8 14. Bb5 Ne4
15. Bf4 Rb6 16. Nd2 Nxd2 17. Rxd2 Bf6 18. Be3 Rb7 19. Bc5 c3 20. bxc3 Bxc3 21.
Rad1 Bxd2 22. Rxd2 Rc7 23. Bxf8 Kxf8 24. Rd6 Ke7 25. Rd2 Rc5 26. Rd4 e5 27. Rb4
Kd6 28. f3 h6 29. Kf2 Rc3 30. g4 f6 31. h4 Kc5 32. Rb2 e4 33. Be8 a6 34. Rb8 Kd6
35. Bg6 Kc7 36. Rb4 exf3 37. exf3 Bd7 38. Be4 Ra3 39. Rc4+ Kd6 40. Rd4+ Ke7 41.
Bc2 Bc6 42. Rf4 Kd6 43. Be4 Rxa4 44. g5 Bxe4 45. fxe4 Ke5 46. gxh6 gxh6 47. Rg4
Rxe4 48. Rg6 Rxh4 49. Rg7 a5 50. Ra7 a4 51. Ra5+ Ke6 52. Ra6+ Kf7 53. Kg3 Rb4
54. Ra7+ Kg6 55. Ra5 h5 56. Kh3 f5 57. Rd5 Kg5 58. Ra5 Rb3+ 59. Kg2 a3 60. Ra4
h4 61. Kh2 f4 62. Kg2 Kg4 63. Kf2 Rb2+ 64. Ke1 a2 0-1

[Event "PRO League Group Stage"]
[Site "chess.com INT"]
[Date "2018.03.07"]
[Round "9"]
[White "Tang, Andrew"]
[Black "Bartell, Thomas"]
[Result "1-0"]
[WhiteTitle "IM"]
[BlackTitle "IM"]
[WhiteElo "2513"]
[BlackElo "2344"]
[WhiteTeam "Minnesota Blizzard"]
[BlackTeam "Montclair Sopranos"]
[WhiteFideId "2059630"]
[BlackFideId "2017849"]
[EventDate "2018.01.18"]

1. d4 d5 2. Bf4 c6 3. e3 Qb6 4. Qc1 Bf5 5. c4 e6 6. Nc3 Nf6 7. Nf3 Nh5 8. c5 Qd8
9. Bg5 f6 10. Bh4 g5 11. Bg3 Nxg3 12. hxg3 Bg7 13. Qd2 Qe7 14. Bd3 Bxd3 15. Qxd3
g4 16. Nd2 f5 17. b4 a6 18. f3 h5 19. O-O-O Nd7 20. Nb3 Qg5 21. Ne2 O-O-O 22. a4
e5 23. f4 exf4 24. b5 axb5 25. axb5 Nb8 26. Nxf4 Rde8 27. Na5 Rh6 28. Kc2 Re4
29. Rb1 Qd8 30. Nxb7 Qc7 1-0

[Event "PRO League Group Stage"]
[Site "chess.com INT"]
[Date "2018.03.07"]
[Round "9"]
[White "Kobo, Ori"]
[Black "Zwardon, Vojtech"]
[Result "1-0"]
[WhiteTitle "GM"]
[BlackTitle "IM"]
[WhiteElo "2477"]
[BlackElo "2412"]
[WhiteTeam "Oslo Trolls"]
[BlackTeam "Riga Magicians"]
[WhiteFideId "2812320"]
[BlackFideId "325511"]
[EventDate "2018.01.18"]

1. Nf3 c5 2. c4 g6 3. d4 cxd4 4. Nxd4 Bg7 5. e4 Nc6 6. Be3 Qb6 7. Nb3 Qc7 8. Qd2
Nf6 9. Nc3 a5 10. Nd4 Nxd4 11. Bxd4 O-O 12. e5 Ng4 13. Nd5 Qb8 14. f4 Re8 15.
Bb6 d6 16. Nc7 Bd7 17. h3 Nh6 18. g4 dxe5 19. Qxd7 Rd8 20. Qb5 Ra7 21. Nd5 exf4
22. Bc7 Qa8 23. Nb6 Rd4 24. Nxa8 Re4+ 25. Be2 f3 26. O-O-O Bxb2+ 27. Qxb2 1-0

[Event "PRO League Group Stage"]
[Site "chess.com INT"]
[Date "2018.03.07"]
[Round "9"]
[White "Kobo, Ori"]
[Black "Kantans, Toms"]
[Result "0-1"]
[WhiteTitle "GM"]
[BlackTitle "GM"]
[WhiteElo "2477"]
[BlackElo "2478"]
[WhiteTeam "Oslo Trolls"]
[BlackTeam "Riga Magicians"]
[WhiteFideId "2812320"]
[BlackFideId "11602945"]
[EventDate "2018.01.18"]

1. d4 Nf6 2. c4 g6 3. Nc3 d5 4. cxd5 Nxd5 5. e4 Nxc3 6. bxc3 Bg7 7. Qa4+ Nd7 8.
Nf3 O-O 9. Be2 a6 10. O-O b5 11. Qc2 c5 12. a4 Bb7 13. Be3 cxd4 14. cxd4 Rc8 15.
Qb1 b4 16. a5 Nb8 17. Ra4 Bc6 18. Rxb4 Qxa5 19. d5 Ba8 20. Bd4 Bxd4 21. Nxd4 Nd7
22. h4 Rb8 23. Rxb8 Rxb8 24. Qd3 Qc5 25. Rd1 a5 26. h5 a4 27. hxg6 hxg6 28. Qg3
Rb4 29. Nf5 Rxe4 30. Bf3 Re5 31. Nh6+ Kg7 32. Ng4 Rf5 33. Ne3 Rf6 34. Ng4 Rd6
35. Qf4 a3 36. Qh6+ Kg8 37. Qg5 Nf6 38. Nh6+ Kf8 39. Rb1 Rb6 40. Rc1 Qxc1+ 41.
Qxc1 a2 42. Qc8+ Kg7 43. Qxa8 Rb1+ 44. Kh2 a1=Q 45. Qxa1 Rxa1 46. Ng4 Nxg4+ 47.
Bxg4 f5 48. Bf3 Kf6 49. g3 Ke5 50. Kg2 Ra3 51. Bd1 Kxd5 52. g4 Ke5 53. gxf5 gxf5
54. Bc2 Ra2 55. Bb1 Rb2 56. Bd3 Kf4 57. Bc4 e5 58. Be6 e4 59. Kg1 Rb6 60. Bc8
Rg6+ 61. Kf1 Rc6 62. Bd7 Rd6 63. Bc8 Kf3 64. Ke1 Rd5 65. Bb7 Rb5 66. Bc8 Rb1+ 0-1

[Event "PRO League Group Stage"]
[Site "chess.com INT"]
[Date "2018.03.07"]
[Round "9"]
[White "Raja, Harshit"]
[Black "Grigoryan, Karen H."]
[Result "0-1"]
[WhiteTitle "IM"]
[BlackTitle "GM"]
[WhiteElo "2427"]
[BlackElo "2581"]
[WhiteTeam "Mumbai Movers"]
[BlackTeam "Armenia Eagles"]
[WhiteFideId "5089000"]
[BlackFideId "13301004"]
[EventDate "2018.01.18"]

1. e4 g6 2. d4 Bg7 3. Nf3 d6 4. Nc3 a6 5. Be2 b5 6. O-O Bb7 7. a4 b4 8. Nd5 a5
9. Re1 e6 10. Nf4 Ne7 11. Ng5 Bc8 12. Bc4 O-O 13. Qf3 Kh8 14. Qh3 h6 15. Nxf7+
Rxf7 16. Nxe6 Qg8 17. Qh4 d5 18. Bxd5 Nxd5 19. exd5 Bf6 20. Bg5 Nd7 21. Bxf6+
Nxf6 22. Ng5 Kg7 23. Nxf7 Qxf7 24. Re5 Bd7 25. Rae1 Re8 26. Qg3 Bxa4 27. b3 Bd7
28. Rxe8 Nxe8 29. Qe5+ Kg8 30. Ra1 Qf5 31. Qe7 Qxd5 32. Re1 Bc6 33. Qe6+ Qxe6
34. Rxe6 Nd6 35. Rxg6+ Kf7 36. Rxh6 Be4 37. Rh5 Bxc2 38. Rxa5 Bxb3 39. Rc5 Ke6
40. Rxc7 Bc4 41. Ra7 b3 42. Ra1 Bd3 43. f3 b2 44. Re1+ Kd5 45. Kf2 Nc4 46. h4
Na5 47. Ke3 Bh7 48. Kd2 Kxd4 49. Rd1 Bd3 50. h5 Nb3+ 51. Ke1 Ke3 52. h6 Na1 53.
Rxd3+ Kxd3 54. h7 Nc2+ 55. Kf2 b1=Q 0-1

[Event "PRO League Group Stage"]
[Site "chess.com INT"]
[Date "2018.03.07"]
[Round "9"]
[White "Raja, Harshit"]
[Black "Ter-Sahakyan, Samvel"]
[Result "1/2-1/2"]
[WhiteTitle "IM"]
[BlackTitle "GM"]
[WhiteElo "2427"]
[BlackElo "2563"]
[WhiteTeam "Mumbai Movers"]
[BlackTeam "Armenia Eagles"]
[WhiteFideId "5089000"]
[BlackFideId "13302531"]
[EventDate "2018.01.18"]

1. e4 c5 2. Nf3 d6 3. d4 cxd4 4. Nxd4 Nf6 5. Nc3 a6 6. Bg5 e6 7. f4 h6 8. Bh4
Qb6 9. Qd2 Qxb2 10. Rb1 Qa3 11. e5 dxe5 12. fxe5 Nfd7 13. Ne4 Qxa2 14. Rd1 Qb2
15. Bc4 Bb4 16. O-O Bxd2 17. Nd6+ Kf8 18. Rxf7+ Kg8 19. Nxe6 Be3+ 20. Kh1 Qxe5
21. Rdf1 Nc6 22. Rf8+ Nxf8 23. Rxf8+ Kh7 24. Bd3+ g6 25. Rf7+ Kg8 26. Rf8+ Kh7
27. Rf7+ Kg8 28. Rf8+ Kh7 29. Rf7+ Kg8 1/2-1/2

[Event "PRO League Group Stage"]
[Site "chess.com INT"]
[Date "2018.03.07"]
[Round "9"]
[White "Sebenik, Matej"]
[Black "Riff, Jean-Noel"]
[Result "1-0"]
[WhiteTitle "GM"]
[BlackTitle "GM"]
[WhiteElo "2551"]
[BlackElo "2503"]
[WhiteTeam "Ljubljana Turtles"]
[BlackTeam "London Lions"]
[WhiteFideId "14602296"]
[BlackFideId "611190"]
[EventDate "2018.01.18"]

1. d4 Nf6 2. Nf3 e6 3. c4 Bb4+ 4. Bd2 Bxd2+ 5. Qxd2 d5 6. Qc2 O-O 7. g3 c6 8.
Bg2 Nbd7 9. O-O b5 10. c5 Qe7 11. Nbd2 e5 12. e4 exd4 13. Nxd4 Qxc5 14. Qxc5
Nxc5 15. e5 Nfe4 16. Nxe4 dxe4 17. b4 Ne6 18. Nxc6 Ng5 19. h4 Nf3+ 20. Bxf3 exf3
21. Rfd1 Re8 22. Rac1 Bb7 23. Na5 Be4 24. Rc5 a6 25. Rd4 Bf5 26. g4 Be6 27. Kh2
h6 28. Kg3 Rad8 29. Rd6 Bxa2 30. Kxf3 Be6 31. Kg3 g5 32. hxg5 hxg5 33. f4 gxf4+
34. Kxf4 Kg7 35. Rc7 Kf8 36. Nb7 Rc8 37. Rxc8 Rxc8 38. Nc5 Bc4 39. Rxa6 Rd8 40.
Rd6 Ra8 41. Nd7+ Ke7 42. Nb6 Rb8 43. Rc6 Bf1 44. Nd5+ Kf8 45. Kf5 Bc4 46. Nf4
Ke7 47. Rc7+ Kd8 48. Ra7 Rb6 49. g5 Kc8 50. g6 fxg6+ 51. Kg5 Kb8 52. Rd7 Ra6 53.
Rd4 Kc7 54. Nxg6 Ra1 55. Nf4 Ra8 56. e6 Rg8+ 57. Kf6 Rf8+ 58. Ke5 Re8 59. Rd7+
Kc6 60. Rd6+ Kc7 61. Nd5+ Kb7 62. Rd7+ Kc8 63. Kd6 Kb8 64. Ne7 Ka8 65. Rc7 Rd8+
66. Rd7 Re8 67. Nd5 Kb8 68. e7 Rh8 69. Rd8+ 1-0

[Event "PRO League Group Stage"]
[Site "chess.com INT"]
[Date "2018.03.07"]
[Round "9"]
[White "Sebenik, Matej"]
[Black "Harvey, Marcus R"]
[Result "1/2-1/2"]
[WhiteTitle "GM"]
[BlackTitle "FM"]
[WhiteElo "2551"]
[BlackElo "2349"]
[WhiteTeam "Ljubljana Turtles"]
[BlackTeam "London Lions"]
[WhiteFideId "14602296"]
[BlackFideId "400092"]
[EventDate "2018.01.18"]

1. d4 Nf6 2. Nf3 e6 3. c4 Bb4+ 4. Bd2 Qe7 5. g3 O-O 6. Bg2 Nc6 7. O-O Bxd2 8.
Qxd2 d6 9. Nc3 e5 10. Nd5 Qd8 11. Rad1 Bg4 12. dxe5 dxe5 13. h3 Bxf3 14. exf3
Nxd5 15. cxd5 Ne7 16. f4 exf4 17. Qxf4 Qd6 18. Qxd6 cxd6 19. Rfe1 Ng6 20. Rc1
Rfc8 21. f4 Kf8 22. h4 Ne7 23. Bh3 Rxc1 24. Rxc1 Nxd5 25. Bg2 Nf6 26. Rc7 Rb8
27. Rxb7 Rxb7 28. Bxb7 Ke7 29. Kf2 d5 30. Ke3 Kd6 31. Kd4 Nh5 32. Bxd5 Nxg3 33.
Bxf7 Nf5+ 34. Ke4 Nxh4 35. b4 g6 36. Bg8 h6 37. Bh7 Ke6 38. a4 Kf7 39. a5 Nf5
40. Kd5 h5 41. b5 h4 42. b6 axb6 43. axb6 h3 44. Bg8+ Kg7 45. Ke5 Ne7 46. b7 h2
47. Bd5 Nxd5 48. b8=Q h1=Q 49. Qb7+ Kh6 50. Qxd5 Qa1+ 51. Qd4 Qa5+ 52. Qd5 Qe1+
53. Qe4 Qc3+ 54. Qd4 Qc7+ 55. Qd6 Qc2 56. Qf6 Qc5+ 57. Ke6 Qe3+ 58. Kf7 Qb3+ 59.
Kf8 Qb8+ 60. Kf7 Qc7+ 61. Kf8 Qc5+ 62. Kf7 Qd5+ 63. Kf8 Qa8+ 64. Kf7 Qb7+ 65.
Kf8 1/2-1/2

[Event "PRO League Group Stage"]
[Site "chess.com INT"]
[Date "2018.03.07"]
[Round "9"]
[White "Duijn, Rob"]
[Black "Olafsson, Helgi"]
[Result "1/2-1/2"]
[BlackTitle "GM"]
[WhiteElo "2180"]
[BlackElo "2508"]
[WhiteTeam "Amsterdam Mosquitoes"]
[BlackTeam "Reykjavik Puffins"]
[WhiteFideId "1014501"]
[BlackFideId "2300010"]
[EventDate "2018.01.18"]

1. d4 Nf6 2. Nf3 e6 3. Bg5 h6 4. Bh4 c5 5. c3 b6 6. e3 Bb7 7. Nbd2 Be7 8. h3 Nc6
9. Be2 O-O 10. O-O d5 11. Re1 Ne4 12. Bxe7 Qxe7 13. Bb5 Nd6 14. Bxc6 Bxc6 15.
Ne5 Bb7 16. Qe2 Rfd8 17. Qg4 Rac8 18. f4 Qe8 19. Qe2 Qa4 20. Qd1 Qb5 21. Qb3 Qe8
22. Qd1 f6 23. Nef3 Qg6 24. Nh4 Qf7 25. Nhf3 Ba6 26. Qc2 Bb7 27. Re2 Nf5 28.
Rae1 Ng3 29. Rf2 Kh8 30. Nh2 Ba6 31. Nhf1 Nf5 32. Nf3 Rc7 33. Kh2 Nd6 34. N1d2
Bb7 35. Nh4 Bc6 36. Qg6 Qxg6 37. Nxg6+ Kh7 38. Nh4 Bb5 39. Nhf3 Bd3 40. Rd1 Rf8
41. Ne1 Ba6 42. Nef3 Rcf7 43. Re1 Bd3 44. g3 g5 45. Ng1 Kg7 46. Ngf3 Rc8 47. Rd1
Bc2 48. Rdf1 Bd3 49. Rd1 Rfc7 50. Ne1 Bg6 51. Nef3 a5 52. Rdf1 Bd3 53. Rd1 Ba6
54. Re1 Bd3 55. Rd1 Rf7 56. Ne1 Bc4 57. a3 Ba6 58. Nef3 Rcf8 59. Re1 Bd3 60. Rd1
Be4 61. Nxe4 Nxe4 62. Rg2 Rc7 63. Nd2 Nd6 64. Re1 Rd8 65. Nf3 Ne4 66. Rge2 c4
67. Nd2 b5 68. Nxe4 dxe4 69. Rf1 f5 70. Rd2 Rb7 71. Rff2 Kg6 72. g4 b4 73. axb4
axb4 74. Kg3 bxc3 75. bxc3 Rb3 76. Rc2 Ra8 77. Rf1 Raa3 78. Rfc1 Kf6 79. Kf2
gxf4 80. exf4 Ra8 81. Ke3 Rg8 82. Rg1 Ke7 83. h4 Kd6 84. g5 Kd5 85. h5 Rg7 86.
g6 Ra3 87. Rb1 Rga7 88. Rg1 Rg7 89. Kd2 Ra8 90. Rb1 Rga7 91. Ke3 Ra3 92. Rg1
R3a7 93. Rb2 Ra3 94. Rc2 R3a7 95. Kd2 Ra1 96. Rxa1 Rxa1 97. Rb2 Rg1 98. Rb8 Rg2+
99. Ke3 Rg3+ 100. Kf2 Rg4 101. Ke3 Rg3+ 102. Ke2 Rg2+ 103. Ke3 Rg3+ 104. Ke2
Rg2+ 105. Kf1 Rg4 106. Ke2 Rg2+ 1/2-1/2